Bạn không chỉ sống một lần
Quyển sách "Bạn không chỉ sống một lần" chia sẻ những góc nhìn mở rộng hơn về chủ đề đang được rất nhiều người quan tâm, đó là tâm linh và sự giác ngộ Chân Ngã. Những nội dung của nó được truyền cảm hứng rất nhiều từ tư...
Đã lưu trong:
| Định dạng: | Sách |
|---|---|
| Ngôn ngữ: | Vietnamese |
| Được phát hành: |
H.
Phụ nữ Việt Nam
2022
|
| Những chủ đề: | |
| Các nhãn: |
Thêm thẻ
Không có thẻ, Là người đầu tiên thẻ bản ghi này!
|
| Thư viện lưu trữ: | Thư viện Trường Đại học Nam Cần Thơ |
|---|
| LEADER | 01136nam a22001817a 4500 | ||
|---|---|---|---|
| 001 | NCT_4_010628 | ||
| 008 | 240618b xxu||||| |||| 00| 0 vie d | ||
| 999 | |c 8480 |d 8480 | ||
| 020 | |a 9786043753172 |c 98000 | ||
| 082 | 0 | 4 | |2 23rd ed. |a 158 |b B105K |
| 245 | 0 | 0 | |a Bạn không chỉ sống một lần |c Triết học đường phố 2.0 |
| 260 | |a H. |b Phụ nữ Việt Nam |c 2022 | ||
| 300 | |a 233 tr. |c 21cm | ||
| 520 | 3 | |a Quyển sách "Bạn không chỉ sống một lần" chia sẻ những góc nhìn mở rộng hơn về chủ đề đang được rất nhiều người quan tâm, đó là tâm linh và sự giác ngộ Chân Ngã. Những nội dung của nó được truyền cảm hứng rất nhiều từ tư tưởng của những vị Thầy thức tỉnh trên thế giới. | |
| 653 | |a Tham khảo | ||
| 942 | |2 ddc |c BK | ||
| 952 | |0 0 |1 0 |2 ddc |4 0 |6 158_000000000000000_B105K |7 0 |9 29163 |a 000001 |b 000001 |d 2024-06-18 |o 158 B105K |p TK.04346 |r 2024-06-18 |v 98000.00 |w 2024-06-18 |y BK | ||
| 980 | |a Thư viện Trường Đại học Nam Cần Thơ | ||


